| 000 | 02864cam a22003974a 4500 | ||
|---|---|---|---|
| 999 |
_c28911 _d28882 |
||
| 001 | 13945645 | ||
| 003 | EG-ScBUE | ||
| 005 | 20201014102914.0 | ||
| 008 | 050428t2005 enka f b 001 0 eng d | ||
| 020 | _a0470021497 (alk. paper) | ||
| 020 | _a9780470021491 | ||
| 035 | _a(OCoLC)ocm60373351 | ||
| 040 |
_aDLC _beng _erda _cDLC _dUKM _dBAKER _dBWKUK _dPMC _dDLC _dEG-ScBUE |
||
| 082 | 0 | 4 |
_a384.5 _bEME _222 |
| 245 | 0 | 0 |
_aEmerging wireless multimedia services and technologies / _cedited by Apostolis K. Salkintzis, Motorola, Greece, Nikos Passas, University of Athens, Greece. |
| 264 | 1 |
_aWest Sussex, England : _bJohn Wiley & Sons Ltd, _c[2005] |
|
| 264 | 4 | _cc2005 | |
| 300 |
_axix, 433 pages : _billustrations ; _c25 cm |
||
| 336 |
_2rdacontent _atext _btxt |
||
| 337 |
_2rdamedia _aunmediated _bn |
||
| 338 |
_2rdacarrier _avolume _bnc |
||
| 504 | _aIncludes bibliographical references and index. | ||
| 505 | 0 | _aMultimedia coding techniques for wireless networks / Anastasios Delopoulos -- Multimedia transport protocols for wireless networks / Pantelis Balaouras and Ioannis Stavrakakis -- Multimedia control protocols for wireless networks / Pedro M. Ruiz ... [et al.] -- Multimedia wireless local area networks / Sai Shankar N -- Wireless multimedia personal area networks : an overview / Minal Mishra, Aniruddha Rangnekar and Krishna M. Sivalingam -- QoS provision in wireless multimedia networks / Nikos Passas and Apostolis K. Salkintzis -- Wireless multimedia in 3G networks / George Xylomenos and Vasilis Vogkas -- Wireless application protocol (WAP) / Alessandro Andreadis and Giovanni Giambene -- Multimedia messaging service (MMS) / Alessandro Andreadis and Giovanni Giambene -- Instant messaging and presence service (IMPS) / John Buford and Mahfuzur Rahman -- Instant messaging enabled mobile payments / Stamatis Karnouskos ... [et al.] -- Push-to-talk : a first step to a unified instant communication future / Johanna Wild, Michael Sasuta and Mark Shaughnessy -- Location based services / Ioannis Priggouris, Stathes Hadjiefthymiades and Giannis Marias. | |
| 650 | 7 |
_aWireless communication systems. _2BUEsh |
|
| 650 | 7 |
_aMultimedia systems. _2BUEsh |
|
| 653 |
_bGGEN _cOctober2020 |
||
| 655 |
_vReading book _934232 |
||
| 700 | 1 |
_aSalkintzis, Apostolis K., _eeditor. |
|
| 700 | 1 |
_aPassas, Nikos, _d1970- _eeditor. |
|
| 856 | 4 | 2 |
_3Publisher description _uhttp://www.loc.gov/catdir/enhancements/fy0645/2005012179-d.html |
| 856 | 4 | 1 |
_3Table of contents only _uhttp://www.loc.gov/catdir/enhancements/fy0645/2005012179-t.html |
| 856 | 4 | 2 |
_3Contributor biographical information _uhttp://www.loc.gov/catdir/enhancements/fy0645/2005012179-b.html |
| 906 |
_a7 _bcbc _corignew _d1 _eecip _f20 _gy-gencatlg |
||
| 942 |
_2ddc _cBB |
||